मय्यषी नदी के किनारे / (Record no. 121478)

MARC details
000 -LEADER
fixed length control field 01216nam a22002777a 4500
005 - DATE AND TIME OF LATEST TRANSACTION
control field 20170124103215.0
010 ## - LIBRARY OF CONGRESS CONTROL NUMBER
LC control number A-894857
020 ## - INTERNATIONAL STANDARD BOOK NUMBER
Terms of availability 51.00
International Standard Book Number 8123720351
035 ## - SYSTEM CONTROL NUMBER
System control number A-894857
037 ## - SOURCE OF ACQUISITION
Source of stock number/acquisition Cen Lib/Ret
040 ## - CATALOGING SOURCE
Original cataloging agency DPL
Language of cataloging HN
082 ## - DEWEY DECIMAL CLASSIFICATION NUMBER
Classification number
Item number मुकुन्द
100 ## - MAIN ENTRY--PERSONAL NAME
Personal name मुकुन्द, एम.
9 (RLIN) 115656
245 ## - TITLE STATEMENT
Title मय्यषी नदी के किनारे /
Statement of responsibility, etc एम. मुकुन्द;अनुवादक सुधांशु चतुर्वेदी
246 ## - VARYING FORM OF TITLE
Title proper/short title Mayyashhee nadee ke kinare /
260 ## - PUBLICATION, DISTRIBUTION, ETC. (IMPRINT)
Place of publication, distribution, etc नई दिल्ली
Name of publisher, distributor, etc नेशनल बुक ट्रस्ट
Date of publication, distribution, etc 1918
270 ## - ADDRESS
Address ए-5 ग्रीन पार्क
City नई दिल्ली
Postal code 110016
300 ## - PHYSICAL DESCRIPTION
Extent 291पृ.
Dimensions 21सेमी(सजिल्द)
490 ## - SERIES STATEMENT
Series statement अंतभारतीय पुस्तक माला
650 ## - SUBJECT ADDED ENTRY--TOPICAL TERM
Topical term or geographic name as entry element साहित्य--उपन्यास
9 (RLIN) 115657
650 ## - SUBJECT ADDED ENTRY--TOPICAL TERM
Topical term or geographic name as entry element हिंदी उपन्यास
9 (RLIN) 115658
650 ## - SUBJECT ADDED ENTRY--TOPICAL TERM
Topical term or geographic name as entry element Literature--novel
9 (RLIN) 115659
650 ## - SUBJECT ADDED ENTRY--TOPICAL TERM
Topical term or geographic name as entry element Hindi novel
9 (RLIN) 115660
700 ## - ADDED ENTRY--PERSONAL NAME
Personal name चतुर्वेदी, सुधांशु
9 (RLIN) 42542
942 ## - ADDED ENTRY ELEMENTS (KOHA)
Source of classification or shelving scheme Dewey Decimal Classification
Koha item type Hindi Books
Classification part
Call number suffix मुकुन्द
Holdings
Withdrawn status Lost status Damaged status Not for loan Home library Current library Date acquired Source of acquisition Cost, normal purchase price Total Checkouts Full call number Barcode Date last seen Copy number Cost, replacement price Price effective from Koha item type
        Central Library Central Library 08/10/2015 Cen Lib/Ret 51.00   उ मुकुन्द A-894857 08/10/2015 1 51.00 15/09/2016 Hindi Books

© Delhi Public Library
Hit Counter
free hit counter